<?xml version='1.0' encoding='UTF-8'?>
  <record xmlns="http://www.loc.gov/MARC21/slim">
    <leader>00000ctm a2200000 i 4500</leader>
    <controlfield tag="001">ocn965408322</controlfield>
    <controlfield tag="003">OCoLC</controlfield>
    <controlfield tag="005">20250715210336.2</controlfield>
    <controlfield tag="008">100121q1407    ne            000 0 lat d</controlfield>
    <datafield tag="040" ind1=" " ind2=" ">
      <subfield code="a">QGJ</subfield>
      <subfield code="b">dut</subfield>
      <subfield code="c">QGJ</subfield>
      <subfield code="d">QGJ</subfield>
      <subfield code="d">OCLCL</subfield>
      <subfield code="d">OCLCQ</subfield>
    </datafield>
    <datafield tag="035" ind1=" " ind2=" ">
      <subfield code="a">(OCoLC)965408322</subfield>
    </datafield>
    <datafield tag="041" ind1="1" ind2=" ">
      <subfield code="a">lat</subfield>
      <subfield code="h">grc</subfield>
    </datafield>
    <datafield tag="100" ind1="0" ind2=" ">
      <subfield code="a">Dionysius Areopagita,</subfield>
      <subfield code="c">Pseudo-</subfield>
    </datafield>
    <datafield tag="245" ind1="1" ind2="0">
      <subfield code="a">Extractio super opera Dionysii Areopagitae /</subfield>
      <subfield code="c">secundum translationem et cum commentario marginali Thomae Vercellensis.</subfield>
      <subfield code="f">UBU Hs. 79 (Hs 1 M 13).</subfield>
    </datafield>
    <datafield tag="246" ind1="1" ind2=" ">
      <subfield code="a">De mystica theologia</subfield>
    </datafield>
    <datafield tag="246" ind1="1" ind2=" ">
      <subfield code="a">Epistula ad Titum</subfield>
    </datafield>
    <datafield tag="246" ind1="1" ind2=" ">
      <subfield code="a">Expositio super verbis ... Tu autem Timothee</subfield>
    </datafield>
    <datafield tag="246" ind1="1" ind2=" ">
      <subfield code="a">Epistola responsalis de Ruusbroec</subfield>
    </datafield>
    <datafield tag="246" ind1="1" ind2=" ">
      <subfield code="a">Hymnus de rege novi saeculi</subfield>
    </datafield>
    <datafield tag="260" ind1=" " ind2=" ">
      <subfield code="a">Utrecht :</subfield>
      <subfield code="b">Karthuizerklooster Nieuwlicht of Bloemendaal,</subfield>
      <subfield code="c">[ca. 1407]</subfield>
    </datafield>
    <datafield tag="300" ind1=" " ind2=" ">
      <subfield code="a">161 fol. ;</subfield>
      <subfield code="c">230 x 170 (166 x 112) mm.</subfield>
    </datafield>
    <datafield tag="336" ind1=" " ind2=" ">
      <subfield code="a">text</subfield>
      <subfield code="b">txt</subfield>
      <subfield code="2">rdacontent</subfield>
    </datafield>
    <datafield tag="337" ind1=" " ind2=" ">
      <subfield code="a">unmediated</subfield>
      <subfield code="b">n</subfield>
      <subfield code="2">rdamedia</subfield>
    </datafield>
    <datafield tag="338" ind1=" " ind2=" ">
      <subfield code="a">volume</subfield>
      <subfield code="b">nc</subfield>
      <subfield code="2">rdacarrier</subfield>
    </datafield>
    <datafield tag="340" ind1=" " ind2=" ">
      <subfield code="a">perkament</subfield>
      <subfield code="k">33 regels, littera cursiva.</subfield>
    </datafield>
    <datafield tag="500" ind1=" " ind2=" ">
      <subfield code="a">Bevat behalve de Extractio super opera Dionysii Areopagitae (fol. 2r-87v) ook: Liber de angelica hierarchia (fol. 2r-24v), Liber de ecclesiastica hierarchia (fol. 24v-43v), Liber de divinis nominibus (fol. 44r-79r), Liber de mystica theologica (fol. 79v-82r), Epistula ad Titum (fol. 82v-86r) en een fragment van de vertaling van deze brief door Johannes Scotus Erigena (fol. 86v-87v), ook: Mystica theologia secundum translationem Joannis Sarraceni cum commentario (fol. 89r-99r), Expositio super verbis Dionysii in Mystica theologia: Tu autem Timothee (fol. 99r-106r), Epistola cuiusdam docti et devoti viri in quo ... continetur totus processus libri fratris Johannis Ruusbroec De ornatu spiritualium nuptiarum qui incipit Ecce sponsus meus (fol. 107r-109v), Commendatio sive defensio libri fratris Johannis Ruusbroec De ornatu ... (fol. 109v-116v), Libellus sive hymnus de rege novi saeculi ... (fol. 117r-135v), Mystica theologia cum commentariis Roberti episcopi Lincolniensis (fol. 136r-152v), Tabula in translationes Thomae Vercellensis textus librorum Dionysii (fol. 153-161v).</subfield>
    </datafield>
    <datafield tag="500" ind1=" " ind2=" ">
      <subfield code="a">Blanco: fol. 88.</subfield>
    </datafield>
    <datafield tag="500" ind1=" " ind2=" ">
      <subfield code="a">Geschreven door Swederus de Boecholt.</subfield>
    </datafield>
    <datafield tag="500" ind1=" " ind2=" ">
      <subfield code="a">Auteur van de Epistola in quo ... continetur totus processus libri fratris Johannis Ruusbroec De ornatu ..., én van de Commendatio sive defensio libri fratris Johannis Ruusbroec De ornatu ... is: Jan van Schoonhoven.</subfield>
    </datafield>
    <datafield tag="500" ind1=" " ind2=" ">
      <subfield code="a">Auteur van Expositio super verbis ... Tu autem Timothee: Hugo de Balma.</subfield>
    </datafield>
    <datafield tag="500" ind1=" " ind2=" ">
      <subfield code="a">Auteur van Hymnus de rege novi saeculi: Bertramus de Ahlen.</subfield>
    </datafield>
    <datafield tag="524" ind1=" " ind2=" ">
      <subfield code="a">Te citeren als: Universiteitsbibliotheek Utrecht Hs. 79 (Hs 1 M 13).</subfield>
    </datafield>
    <datafield tag="563" ind1=" " ind2=" ">
      <subfield code="a">Contemporaine leren band over houten platten, restanten van twee koperen klampsluitingen, klavieren, rug is vernieuwd.</subfield>
    </datafield>
    <datafield tag="581" ind1=" " ind2=" ">
      <subfield code="a">[P.A. Tiele], Catalogus codicum manu scriptorum Bibliothecae Universitatis Rheno-Trajectinae. I. Trajecti ad Rhenum / Hagae Comitis 1887. p. 22-23.</subfield>
    </datafield>
    <datafield tag="581" ind1=" " ind2=" ">
      <subfield code="a">[A. Hulshof], Catalogus codicum manu scriptorum Bibliothecae Universitatis Rheno-Traiectinae. II. Traiecti ad Rhenum 1909. p. 5.</subfield>
    </datafield>
    <datafield tag="581" ind1=" " ind2=" ">
      <subfield code="a">J.P. Gumbert, Manuscrits datés conservés dans les Pays-Bas. Vol. 2: Les manuscrits d'origine néerlandaise (XIVe-XVIe siècles) et Suppl. au tome premier. Leiden etc. 1988. p. 182 (sub nr. 632).</subfield>
    </datafield>
    <datafield tag="581" ind1=" " ind2=" ">
      <subfield code="a">A. Ampe, 'Les rédactions successives de lápologie schoonhovienne pour Ruurbroecc contre Gerson', in: Revue d'histoire ecclésiastique 55 (1960), p. ? p. 401-452, 797-818 (fol. 109v-116v).</subfield>
    </datafield>
    <datafield tag="581" ind1=" " ind2=" ">
      <subfield code="a">L. Baur, Die philosophischen Werke des Robert Grosseteste, Bischofs von Lincoln. Münster 1912. (= Beiträge zur Geschichte d. Philosophie des Mittelalters 9). p. 34*-35* (fol. 136-152).</subfield>
    </datafield>
    <datafield tag="581" ind1=" " ind2=" ">
      <subfield code="a">A. Combes, Essai sur la critique de Ruysbroeck par Gerson. T. 1 (Paris 1945). p. 684-716.</subfield>
    </datafield>
    <datafield tag="581" ind1=" " ind2=" ">
      <subfield code="a">A. Gruijs &amp; E. Persoons, 'Index des manuscrits contenant les oeuvres de Jean de Schoonhoven (1356-1432)', in: Scriptorium 20 (1966), p. 75-82. p. 81 (fol. 109v-116v).</subfield>
    </datafield>
    <datafield tag="581" ind1=" " ind2=" ">
      <subfield code="a">J.P. Gumbert, Die Utrechter Kartäuser und ihre Bücher im frühen fünfzehnten Jahrhundert. Leiden 1974. p. 92-94, 150f., 154, 157f., 170, 172f., 194, 237, 244, 250, 263, 284, 288, 290f., 293, 302, 304, 364.</subfield>
    </datafield>
    <datafield tag="581" ind1=" " ind2=" ">
      <subfield code="a">P.O. Kristeller, Iter Italicum. Accedunt alia itinera. A finding list of uncatalogued or incompletely catalogued humanistic manuscripts of the Renaissance in Italian and other libraries IV (alia itinera II): Great Britain to Spain. London etc. 1989. p. 381.</subfield>
    </datafield>
    <datafield tag="581" ind1=" " ind2=" ">
      <subfield code="a">T.F.C. Mertens, Hendrik Mande (?-1431). Teksthistorische en literairhistorische studies. Dissertatie Nijmegen. Nijmegen 1986. p. 99.</subfield>
    </datafield>
    <datafield tag="581" ind1=" " ind2=" ">
      <subfield code="a">S.H. Thomson, The writings of Robert Grosseteste Bishop of Lincoln 1235-1253. Cambridge 1940. p. 56-58.</subfield>
    </datafield>
    <datafield tag="581" ind1=" " ind2=" ">
      <subfield code="a">Handschriften en oude drukken van de Utrechtse Universiteitsbibliotheek. Catalogus bij de tentoonstelling in het Centraal Museum te Utrecht ter gelegenheid van het 400-jarig bestaan van de bibliotheek der Rijksuniversiteit, 1584-1984. Utrecht 1984. p. 29.</subfield>
    </datafield>
    <datafield tag="530" ind1=" " ind2=" ">
      <subfield code="a">Also available in online version.</subfield>
    </datafield>
    <datafield tag="600" ind1="0" ind2="4">
      <subfield code="a">Jan van Ruusbroec.</subfield>
    </datafield>
    <datafield tag="655" ind1=" " ind2="7">
      <subfield code="a">Handschriften (vorm)</subfield>
      <subfield code="0">(NL-LeOCL)088143309.</subfield>
      <subfield code="2">gtt</subfield>
    </datafield>
    <datafield tag="700" ind1="0" ind2=" ">
      <subfield code="a">Zweder,</subfield>
      <subfield code="c">van Boecholt,</subfield>
      <subfield code="d">-1433.</subfield>
      <subfield code="1">https://id.oclc.org/worldcat/entity/E39PCjGTVQFqYxR6KMcpQw7kcP</subfield>
    </datafield>
    <datafield tag="700" ind1="0" ind2=" ">
      <subfield code="a">Thomas Gallus.</subfield>
    </datafield>
    <datafield tag="700" ind1="0" ind2=" ">
      <subfield code="a">Johannes Scotus Erigena,</subfield>
      <subfield code="d">ca. 810-ca. 877.</subfield>
    </datafield>
    <datafield tag="700" ind1="0" ind2=" ">
      <subfield code="a">Johannes Sarracenus.</subfield>
    </datafield>
    <datafield tag="700" ind1="0" ind2=" ">
      <subfield code="a">Jan van Ruusbroec.</subfield>
    </datafield>
    <datafield tag="700" ind1="0" ind2=" ">
      <subfield code="a">Jan,</subfield>
      <subfield code="c">van Schoonhoven,</subfield>
      <subfield code="d">1356-1432.</subfield>
      <subfield code="1">https://id.oclc.org/worldcat/entity/E39PBJxWRDvQfTvHRpkxKdV6Kd</subfield>
    </datafield>
    <datafield tag="700" ind1="0" ind2=" ">
      <subfield code="a">Hugo de Balma,</subfield>
      <subfield code="d">13-14de eeuw.</subfield>
    </datafield>
    <datafield tag="700" ind1="0" ind2=" ">
      <subfield code="a">Bertramus de Ahlen,</subfield>
      <subfield code="d">fl. ca. 1307-1315.</subfield>
    </datafield>
    <datafield tag="700" ind1="1" ind2=" ">
      <subfield code="a">Grosseteste, Robert.</subfield>
    </datafield>
    <datafield tag="710" ind1="2" ind2=" ">
      <subfield code="a">Karthuizerklooster Nieuwlicht of Bloemendaal (Utrecht)</subfield>
      <subfield code="e">former owner.</subfield>
      <subfield code="4">fmo</subfield>
      <subfield code="5">NL-UtRU</subfield>
    </datafield>
    <datafield tag="740" ind1="0" ind2=" ">
      <subfield code="a">Extractio.</subfield>
    </datafield>
    <datafield tag="758" ind1=" " ind2=" ">
      <subfield code="a">Extractio super opera Dionysii Areopagitae UBU Hs. 79 (Hs 1 M 13) (Text)</subfield>
      <subfield code="1">https://id.oclc.org/worldcat/entity/E39PCGG8mmWXJV7WrVBppjQ3w3</subfield>
      <subfield code="4">https://id.oclc.org/worldcat/ontology/hasWork</subfield>
    </datafield>
    <datafield tag="776" ind1="0" ind2="8">
      <subfield code="i">Online version:</subfield>
      <subfield code="a">Dionysius Areopagita,</subfield>
      <subfield code="t">Extractio super opera Dionysii Areopagitae.</subfield>
      <subfield code="d">Utrecht : Karthuizerklooster Nieuwlicht of Bloemendaal, [ca. 1407]</subfield>
    </datafield>
    <datafield tag="856" ind1="4" ind2="1">
      <subfield code="u">http://objects.library.uu.nl/reader/resolver.php?obj=002306998&amp;type=2</subfield>
      <subfield code="x">Online</subfield>
      <subfield code="z">Full Text</subfield>
    </datafield>
    <datafield tag="936" ind1=" " ind2=" ">
      <subfield code="a">BATCHLOAD</subfield>
    </datafield>
  </record>